Normal view
MARC view
- POLLUTION-ECONOMIC ASPECTS-UNITED STATES POLLUTION-GOVERNMENT POLICY-UNITED STATES ENVIRONMENTAL POLICY-ECONOMIC ASPECTS UNITED STATES
Entry Topical Term
001 - CONTROL NUMBER
- control field: 80163
003 - CONTROL NUMBER IDENTIFIER
- control field: NUST
005 - DATE AND TIME OF LATEST TRANSACTION
- control field: 20210628210617.0
008 - FIXED-LENGTH DATA ELEMENTS
- fixed length control field: 210628|| aca||aabn | a|a d
040 ## - CATALOGING SOURCE
- Original cataloging agency: NUST
- Transcribing agency: NUST
150 ## - HEADING--TOPICAL TERM
- Topical term or geographic name entry element: POLLUTION-ECONOMIC ASPECTS-UNITED STATES POLLUTION-GOVERNMENT POLICY-UNITED STATES ENVIRONMENTAL POLICY-ECONOMIC ASPECTS UNITED STATES
670 ## - SOURCE DATA FOUND
- Source citation: Work cat.: (NUST): Zimmerman, Jennifer.M Kosobud, Richard.F 80162, Market based approaches to environmental policy regulatory innovations to the fore, 1997
